logo

Bir Sreshtho Munshi Abdur Rouf Library
Jhenaidah Cadet College

1000 Animal Quiz / (Record no. 1881)

MARC details
000 -LEADER
fixed length control field 00573nam a2200241 a 4500
001 - CONTROL NUMBER
JCCL Control Number 1881
003 - CONTROL NUMBER IDENTIFIER
JCCL marc code BD-JhCC
005 - DATE AND TIME OF LATEST TRANSACTION
control field 20171028094734.0
008 - FIXED-LENGTH DATA ELEMENTS--GENERAL INFORMATION
fixed length control field 171025s1989 ii ||||| |||| 00| 0 eng d
020 ## - INTERNATIONAL STANDARD BOOK NUMBER
International Standard Book Number 8171673279
020 ## - INTERNATIONAL STANDARD BOOK NUMBER
International Standard Book Number 9788171673287
035 ## - SYSTEM CONTROL NUMBER
system control number (BD-JhCC)1881
040 ## - CATALOGING SOURCE
Original cataloging agency BD-JhCC
Modifying agency BD-JhCC
041 ## - LANGUAGE CODE
Language code of Book eng
082 ## - DEWEY DECIMAL CLASSIFICATION NUMBER
DDC Edition number 22
Classification number 591
Author mark and Year GAN 1989
100 ## - MAIN ENTRY--PERSONAL NAME
Personal name Gandhi, Maneka
245 ## - TITLE STATEMENT
Title 1000 Animal Quiz /
Statement of responsibility, etc Maneka Gandhi
260 ## - PUBLICATION, DISTRIBUTION, ETC. (IMPRINT)
Place of publication, distribution, etc India :
Name of publisher, distributor, etc Rupa. co,
Date of publication, distribution, etc 1989
300 ## - PHYSICAL DESCRIPTION
Pagination 201 p. :
Dimensions 18cm.
650 ## - SUBJECT ADDED ENTRY--TOPICAL TERM
Topical term or geographic name as entry element Zoology
942 ## - ADDED ENTRY ELEMENTS (KOHA)
Source of classification or shelving scheme Dewey Decimal Classification
Koha item type Books
Holdings
Source of classification or shelving scheme Damaged status Not for loan Home library Current library Shelving location Cost, normal purchase price Total Checkouts Full call number Barcode Date last seen Copy number Koha item type
Dewey Decimal Classification     JCC Rouf Library JCC Rouf Library General Stacks 50.00   591 GAN 1989 2991 10/25/2017 C-1 Books

JCC Library | Contacts | JCC Home

Last Update on 23 September 2017
Copyright @ 2017-2020 JCC Rouf Library
Rouf Library, Jhenidah Cadet College (JCC), Bangladesh